La monnaie / (Record no. 107720)

MARC details
000 -LEADER
campo de control de longitud fija 00750nam a2200217 4500
001 - NÚMERO DE CONTROL
campo de control 107720
003 - IDENTIFICADOR DE NÚMERO DE CONTROL
campo de control ES-MaACL
007 - CAMPO FIJO DE DESCRIPCIÓN FÍSICA--INFORMACIÓN GENERAL
campo de control de longitud fija t|
008 - DATOS DE LONGITUD FIJA--INFORMACIÓN GENERAL
campo de control de longitud fija 061121s1951 fr r ||||1| fre d
100 1# - ENTRADA PRINCIPAL--NOMBRE DE PERSONA
Nombre de persona Mossé, Robert.
9 (RLIN) 83802
245 13 - MENCIÓN DEL TÍTULO
Título La monnaie /
Mención de responsabilidad, etc. Robert Mossé; observations de Luigi Federici, Robert Triffin; introduction de Howard S. Ellis.
260 ## - PUBLICACIÓN, DISTRIBUCIÓN, ETC.
Lugar de publicación, distribución, etc. París :
Nombre del editor, distribuidor, etc. Marcel Riviére,
Fecha de publicación, distribución, etc. 1951.
300 ## - DESCRIPCIÓN FÍSICA
Extensión 205 p. ;
Dimensiones 22 cm.
490 1# - MENCIÓN DE SERIE
Mención de serie Bilans de la connaissance économique ;
Designación de volumen o secuencia vol. 1
700 1# - ENTRADA AGREGADA--NOMBRE PERSONAL
Nombre de persona Federici, Luigi.
9 (RLIN) 49062
700 1# - ENTRADA AGREGADA--NOMBRE PERSONAL
Nombre de persona Triffin, Robert.
9 (RLIN) 111402
700 1# - ENTRADA AGREGADA--NOMBRE PERSONAL
Nombre de persona Ellis, Howard S.
9 (RLIN) 47050
830 0# - PUNTO DE ACCESO ADICIONAL DE SERIE-TÍTULO UNIFORME
Título uniforme Bilans de la connaissance économique ;
Designación de volumen o secuencia vol. 1
9 (RLIN) 185393
852 ## - LOCALIZACIÓN
Ubicación ES-MaACL
Número de control de estantería C-9121
Sublocalización o colección R.37285
Holdings
Estatus retirado Estado de pérdida Estado de daño No para préstamo Biblioteca de origen Biblioteca actual Ubicación en estantería Fecha de adquisición Fuente de adquisición Total de préstamos Signatura topográfica completa Código de barras Visto por última vez Precio de reemplazo Tipo de ítem Koha
        Biblioteca del Ateneo de Madrid Biblioteca del Ateneo de Madrid Sala Palomar 17/01/2008     C-9121 1112421 23/02/2023 23/02/2023 Libro impreso